000 00653nam a2200241Ia 4500
003 GCL
008 140319s9999 xx 000 0 eng d
020 _a0714838721
040 _aGCL /
_cGCL
082 0 4 _a724.6
_bJ L
100 1 _aPAXTON, JOSEPH
245 1 0 _aLOST MASTERPIECES /
_cPAXTON, JOSEPH
700 1 _aDUTERT, FERDINAND
700 1 _aMC KIM, MEAD
700 1 _aMC KIM, WHITE
260 _aنيويورك :
_bPHAIDON ،
_c1999
300 _aMULTI
_bILLS ؛
_c30 cm.
490 _aARCHITECTURE SERIES
_v0
650 0 4 _aINTERIOR ARCHITTECTURE
650 0 4 _aARCHITECTURE
650 0 4 _aARCHITECTURE, MODERN 19th CENTURY
942 _2ddc
_cBK
999 _c387
_d387